000 00515nam a2200181Ia 4500
008 100920s9999 xx 000 0 und d
082 _b49092
_a51 थ 85
100 _aतिबिले अनंत.
245 _aबेबंध.
260 _bमधुर पब्लिकेशन, पुणे.
_c1985
300 _a144
_bसाधी
365 _b32
520 _aचरित्र.
630 _aबेबंध.
650 _aचरित्र.
730 _aबेबंध.
942 _cBOOK
999 _c695809
_d695806